Driseño de un modelo de comercio electrónico que facilite el acceso a productos sostenibles
Պահպանված է:
| Հիմնական հեղինակ: | |
|---|---|
| Ձևաչափ: | Գիրք |
| Լեզու: | Spanish |
| Հրապարակվել է: |
[San José, Costa Rica]
2015
|
| Խորագրեր: | |
| Ցուցիչներ: |
Ավելացրեք ցուցիչ
Չկան պիտակներ, Եղեք առաջինը, ով նշում է այս գրառումը!
|
MARC
| LEADER | 00000nam a22000007a 4500 | ||
|---|---|---|---|
| 003 | 012343 | ||
| 005 | 20221231144047.0 | ||
| 008 | 160405b2015 cr a|||| |||| 00| ||spa d | ||
| 040 | |c cru CEDI | ||
| 090 | |a TFG 7506 | ||
| 100 | |9 3654 |a Murillo Guerrero, Ricardo | ||
| 245 | |a Driseño de un modelo de comercio electrónico que facilite el acceso a productos sostenibles | ||
| 260 | |a [San José, Costa Rica] |c 2015 | ||
| 300 | |a ix; 143 hojas; ilustraciones | ||
| 500 | |a Proyecto de graduación (licenciatura en ingeniería industrial)--Universidad de Costa Rica. Facultad de Ingeniería. Escuela de Ingeniería Industrial | ||
| 650 | |x COMERCIO ELECTRONICO |x COMERCIO ELECTRONICO - ASPECTOS LEGALES |x NEGOCIOS EN INTERNET |x PROGRAMAS PARA COMPUTADORA - ASPECTOS LEGALES |x PROGRAMAS PARA COMPUTADORA - CONTRATOS Y ESPECIFICACIONES |x SISTEMAS OPERACIONALES (COMPUTADORA) |9 3655 | ||
| 942 | |c TFG | ||
| 999 | |c 16304 |d 16304 | ||
